Handbook of constraint programming
Saved in:
| Main Authors: | , , |
|---|---|
| Format: | Bog |
| Sprog: | engelsk |
| Udgivet: |
Amsterdam
Elsevier
2006
|
| Udgivelse: | 1a. ed |
| Serier: | Fundations of Artificial Intelligence
|
| Fag: | |
| Tags: |
Tilføj Tag
Ingen Tags, Vær først til at tagge denne postø!
|
MARC
| LEADER | 00000cam a2200000 a 4500 | ||
|---|---|---|---|
| 001 | UCC2941 | ||
| 003 | CL-VaPUC | ||
| 008 | 180329e20060000ne |||||||||||||||||eng|d | ||
| 020 | |a 9780444527264 | ||
| 082 | 0 | 4 | |a 005.11 |b ROS |2 21 |
| 100 | 0 | |a Rossi, Francesca |e author |9 596926 | |
| 700 | 0 | |a Beek, Peter van |e author |9 596927 | |
| 700 | 0 | |a Walsh, Toby |e author |9 596928 | |
| 245 | 1 | 0 | |a Handbook of constraint programming |
| 250 | |a 1a. ed | ||
| 300 | |a 955 p | ||
| 942 | |c BK | ||
| 945 | |d 20180329 11:34:00 |a dcastane | ||
| 260 | |a Amsterdam |b Elsevier |c 2006 | ||
| 650 | 0 | |a Programación de computadores |9 259531 | |
| 650 | 7 | |a PROGRAMACION CON RESTRICCIONES |2 CL-VaPUC |9 574512 | |
| 650 | 7 | |a PROGRAMAS DE CONTROL |2 CL-VaPUC |9 357654 | |
| 583 | |a last modification |c 20180329 11:34:00 |k Rodrigo Vera | ||
| 490 | 0 | |a Fundations of Artificial Intelligence | |
| 999 | |c 370827 |d 370825 | ||
| 952 | |0 0 |1 0 |3 erd |4 0 |6 005_110000000000000_ROS_2006 |7 0 |8 A |9 487496 |a BIBING |b BIBING |i 546000K |o 005.11 ROS 2006 |p 546000K |r 2025-01-20 |w 2019-11-24 |y BK |z Catalogado en:20180329 |k CCI | ||
| 952 | |0 0 |1 0 |3 erd |4 0 |6 005_110000000000000_ROS_2006 |7 0 |8 A |9 487497 |a BIBING |b BIBING |i 5460018 |o 005.11 ROS 2006 |p 5460018 |r 2025-01-20 |w 2019-11-24 |y BK |z Catalogado en:20180329 |k CCI | ||